The noble scholar, jurist, historian


 His Excellency Dr. Abdul Wahhab bin Ibrahim Abu Sulaiman, may Allah have mercy on him.


 He was born in Umm Al-Qura in the year 1356 AH.

الجامع لأحكام القرآن / (Record no. 5481)

MARC details
000 -LEADER
fixed length control field 01178cam a22002771i 4500
003 - CONTROL NUMBER IDENTIFIER
control field SA-RiAUC
005 - DATE AND TIME OF LATEST TRANSACTION
control field 20250202125235.0
008 - FIXED-LENGTH DATA ELEMENTS--GENERAL INFORMATION
fixed length control field 250201m19651967le g b 000 0 ara c
040 ## - CATALOGING SOURCE
Original cataloging agency SA-JeALM
Language of cataloging ara
Transcribing agency SA-RiAUC.
Description conventions rda
082 04 - DEWEY DECIMAL CLASSIFICATION NUMBER
Classification number 227.3
Assigning agency SA-RiAUC
090 ## - LOCALLY ASSIGNED LC-TYPE CALL NUMBER (OCLC); LOCAL CALL NUMBER (RLIN)
Classification number (OCLC) (R) ; Classification number, CALL (RLIN) (NR) 227.3
Local cutter number (OCLC) ; Book number/undivided call number, CALL (RLIN) ق ر ط
100 1# - MAIN ENTRY--PERSONAL NAME
Personal name القرطبي، محمد بن أحمد بن أبي بكر،
Dates associated with a name توفي 671 هجري
Relator term مؤلف.
245 12 - TITLE STATEMENT
Title الجامع لأحكام القرآن /
Statement of responsibility, etc. أبو عبد الله محمد بن أحمد الأنصاري القرطبي.
264 #1 - PRODUCTION, PUBLICATION, DISTRIBUTION, MANUFACTURE, AND COPYRIGHT NOTICE
Place of production, publication, distribution, manufacture بيروت :
Name of producer, publisher, distributor, manufacturer دار إحياء التراث العربي،
Date of production, publication, distribution, manufacture, or copyright notice 1965-1966
300 ## - PHYSICAL DESCRIPTION
Extent 20 مجلد في 10 ؛
Dimensions 30 سم
336 ## - CONTENT TYPE
Content type term نص
Content type code txt
Source rdacontent
Materials specified كتاب
337 ## - MEDIA TYPE
Media type term بدون وسيط
Media type code n
Source rdamedia
338 ## - CARRIER TYPE
Carrier type term مجلد
Carrier type code nc
Source rdacarrier
500 ## - GENERAL NOTE
General note ملاحظات من الشيخ رحمه الله في بداية الكتاب
504 ## - BIBLIOGRAPHY, ETC. NOTE
Bibliography, etc. note يشتمل على إرجاعات ببليوجرافية.
630 27 - SUBJECT ADDED ENTRY--UNIFORM TITLE
Uniform title القرآن
General subdivision تفاسير مأثورة
Source of heading or term aucut
630 27 - SUBJECT ADDED ENTRY--UNIFORM TITLE
Uniform title القرآن
General subdivision أحكام
Source of heading or term aucut
730 22 - ADDED ENTRY--UNIFORM TITLE
Uniform title القرآن
942 ## - ADDED ENTRY ELEMENTS (KOHA)
Source of classification or shelving scheme Dewey Decimal Classification
Koha item type Books
Suppress in OPAC No
949 ## - LOCAL PROCESSING INFORMATION (OCLC)
a SA-JeALM
d 250201
u osman123
n 1
Holdings
Withdrawn status Lost status Source of classification or shelving scheme Materials specified (bound volume or other part) Damaged status Not for loan Collection Home library Current library Date acquired Total checkouts Full call number Barcode Date last seen Price effective from Koha item type
    Dewey Decimal Classification المجلد الخامس(الجزء التاسع والعاشر)     ملاحظات DR AbdElwahab Library DR AbdElwahab Library 02/02/2025   227.3 ق ر ط 000008800 02/02/2025 02/02/2025 Books
    Dewey Decimal Classification المجلد السادس(الجزء الحادي عشر والثاني عشر)     ملاحظات DR AbdElwahab Library DR AbdElwahab Library 02/02/2025   227.3 ق ر ط 000008801 02/02/2025 02/02/2025 Books
    Dewey Decimal Classification المجلد السابع (الجزء الثالث عشر والرابع عشر)     ملاحظات DR AbdElwahab Library DR AbdElwahab Library 02/02/2025   227.3 ق ر ط 000008802 02/02/2025 02/02/2025 Books
    Dewey Decimal Classification المجلد الثامن(الجزء الخامس عشر والسادس عشر)     ملاحظات DR AbdElwahab Library DR AbdElwahab Library 02/02/2025   227.3 ق ر ط 000008803 02/02/2025 02/02/2025 Books
    Dewey Decimal Classification المجلد التاسع(الجزء السابع عشر والثامن عشر)     ملاحظات DR AbdElwahab Library DR AbdElwahab Library 02/02/2025   227.3 ق ر ط 000008804 02/02/2025 02/02/2025 Books
    Dewey Decimal Classification المجلد العاشر(الجزء التايع عشر والعشرون)     ملاحظات DR AbdElwahab Library DR AbdElwahab Library 02/02/2025   227.3 ق ر ط 000008805 02/02/2025 02/02/2025 Books
    Dewey Decimal Classification المجلد الرابع (الجزء السابع و الثامن)     ملاحظات DR AbdElwahab Library DR AbdElwahab Library 02/18/2025   227.3 ق ر ط 000010029 02/18/2025 02/18/2025 Books